[Event "DEM U14w 2004"]
[Site "Willingen GER"]
[Date "2004.05.30"]
[Round "2"]
[White "Ludwig, Lisa"]
[Black "Remy, Janina"]
[Result "0-1"]
[Termination "normal"]
[Board "14"]
[WhiteElo "1224"]
[BlackElo "1504"]
[PlyCount "138"]
[WhiteFideId "24671444"]
[BlackFideId "24627348"]
[EventCountry "GER"]
[EventRounds "9"]
[EventType "swiss"]
[EventDate "2004.05.29"]

1. Nc3 d5 2. e4 d4 3. Nce2 e5 4. Ng3 Nf6 5. Nf3 Bd6 6. Bc4 Nbd7 7. O-O O-O 8.
d3 Nb6 9. Bb3 h6 10. Qe2 Bd7 11. Nh4 Qc8 12. Nhf5 Bxf5 13. Nxf5 Qd7 14. Qf3 Kh7
15. Qh3 Ng8 16. Qg3 g6 17. Nxh6 Nxh6 18. Qh4 Qg4 19. Qxh6+ Kg8 20. Bg5 Qh5 21.
Qxh5 gxh5 22. f4 exf4 23. Bxf4 Bxf4 24. Rxf4 Kg7 25. Raf1 f6 26. R1f3 Nd7 27.
Rf5 Rh8 28. Rg3+ Kf8 29. Be6 Ne5 30. Rxf6+ Ke7 31. Rf5 Kxe6 32. Rgg5 Nd7 33.
Rxh5 Rxh5 34. Rxh5 Nf6 35. Rh6 Ke5 36. Rg6 Rd8 37. Rg7 Rd7 38. Rxd7 Nxd7 39.
Kf2 Kf4 40. g3+ Kg4 41. Kg2 Ne5 42. h3+ Kg5 43. Kf2 c5 44. Ke2 b6 45. c3 Kh5
46. cxd4 cxd4 47. b4 b5 48. g4+ Kh4 49. a3 Kxh3 50. g5 Kg4 51. g6 Nxg6 52. Kd2
Kf3 53. Kc2 Ke3 54. a4 a6 55. axb5 axb5 56. e5 Nxe5 57. Kd1 Kxd3 58. Ke1 Kc2
59. Kf2 d3 60. Ke3 d2 61. Kd4 d1=Q+ 62. Kc5 Qd3 63. Kb6 Qc4 64. Ka5 Kb3 65. Kb6
Qc6+ 66. Ka7 Ka4 67. Kb8 Nd7+ 68. Ka7 Qb6+ 69. Ka8 Qb8# 0-1

[Event "DEM U14w 2004"]
[Site "Willingen GER"]
[Date "2004.05.31"]
[Round "3"]
[White "Hoffmann, Lena"]
[Black "Fuchs, Judith"]
[Result "1-0"]
[Termination "normal"]
[Board "1"]
[WhiteElo "1589"]
[BlackElo "1967"]
[PlyCount "59"]
[WhiteFideId "24626597"]
[BlackFideId "24605611"]
[EventCountry "GER"]
[EventRounds "9"]
[EventType "swiss"]
[EventDate "2004.05.29"]

1. Nc3 d5 2. e4 c6 3. f4 dxe4 4. Nxe4 Nd7 5. Nf3 Ngf6 6. Nf2 e6 7. g3 Be7 8.
Bg2 O-O 9. O-O Qc7 10. Qe2 Re8 11. Nd3 Nd5 12. a3 Nc5 13. Nxc5 Bxc5+ 14. d4 Bf8
15. c4 Ne7 16. b3 Nf5 17. g4 Ne7 18. Bb2 Ng6 19. Ne5 Bd7 20. Be4 Bd6 21. c5
Bxe5 22. dxe5 Ne7 23. f5 Nd5 24. f6 gxf6 25. exf6 Nf4 26. Qe3 e5 27. Bxh7+ Kf8
28. Rae1 Bxg4 29. Bxe5 Rxe5 30. Qxf4 1-0

[Event "DEM U14w 2004"]
[Site "Willingen GER"]
[Date "2004.05.31"]
[Round "3"]
[White "Zikeli, Saskia"]
[Black "Mader, Manuela"]
[Result "1-0"]
[Termination "time forfeit"]
[Board "2"]
[WhiteElo "1884"]
[BlackElo "1829"]
[PlyCount "80"]
[WhiteFideId "24601543"]
[BlackFideId "24612928"]
[EventCountry "GER"]
[EventRounds "9"]
[EventType "swiss"]
[EventDate "2004.05.29"]

1. e4 d5 2. exd5 Nf6 3. d4 Nxd5 4. c4 Nb6 5. Nc3 e5 6. dxe5 Qxd1+ 7. Nxd1 Nc6
8. f4 Be6 9. Ne3 Bb4+ 10. Kf2 Bc5 11. Nf3 O-O-O 12. Ng5 Nb4 13. Nxe6 fxe6 14.
Kf3 Nd3 15. Bxd3 Rxd3 16. b3 Rhd8 17. Ke2 g5 18. Ng4 gxf4 19. Bxf4 R3d4 20. g3
Re4+ 21. Kf3 Red4 22. Nf2 R4d7 23. Rad1 Rf8 24. Rxd7 Nxd7 25. Nd3 Bd4 26. Ke4
Bb6 27. Be3 Bxe3 28. Kxe3 Rf5 29. Ke4 Kd8 30. g4 Rg5 31. Rg1 h5 32. h4 Rxg4+
33. Rxg4 hxg4 34. Kf4 g3 35. Kxg3 Ke7 36. Kf4 Kf7 37. Kg5 Kg7 38. b4 c6 39. h5
b6 40. a3 b5 1-0

[Event "DEM U14w 2004"]
[Site "Willingen GER"]
[Date "2004.05.31"]
[Round "3"]
[White "Jussupow, Ekaterina"]
[Black "Gahn, Cornelia"]
[Result "1-0"]
[Termination "normal"]
[Board "3"]
[WhiteElo "1722"]
[BlackElo "1457"]
[PlyCount "35"]
[WhiteFideId "24625400"]
[EventCountry "GER"]
[EventRounds "9"]
[EventType "swiss"]
[EventDate "2004.05.29"]

1. d4 d5 2. Nf3 e6 3. e3 Nf6 4. Bd3 Be7 5. O-O O-O 6. Nbd2 Nbd7 7. Ne5 c5 8. b3
Bd6 9. f4 b6 10. Bb2 Bb7 11. Qf3 Qc7 12. Qg3 Ne4 13. Bxe4 dxe4 14. Nxd7 Qxd7
15. dxc5 Be5 16. Bxe5 f6 17. Bc3 bxc5 18. Rad1 1-0

[Event "DEM U14w 2004"]
[Site "Willingen GER"]
[Date "2004.05.31"]
[Round "3"]
[White "Goergen, Barbara"]
[Black "Weiß, Katharina"]
[Result "1-0"]
[Termination "normal"]
[Board "4"]
[WhiteElo "1666"]
[BlackElo "1567"]
[PlyCount "65"]
[BlackFideId "24692859"]
[EventCountry "GER"]
[EventRounds "9"]
[EventType "swiss"]
[EventDate "2004.05.29"]

1. e4 c5 2. c3 d5 3. exd5 Qxd5 4. d4 Nf6 5. Nf3 Bg4 6. Be2 e6 7. h3 Bh5 8. O-O
Be7 9. Be3 cxd4 10. cxd4 a6 11. Nc3 Qd6 12. Qb3 b5 13. Rfd1 Nd5 14. Nxd5 Qxd5
15. Qxd5 exd5 16. a4 b4 17. Rac1 O-O 18. g4 Bg6 19. Ne5 f5 20. Nxg6 hxg6 21.
Bf3 Rd8 22. Rc7 Bf8 23. Bg5 Rd6 24. Rc8 Rd7 25. Be7 Rxe7 26. Bxd5+ Kh7 27. Bxa8
Nd7 28. Bc6 Kg8 29. Rc7 Nf6 30. Rxe7 Bxe7 31. gxf5 gxf5 32. Re1 Kf7 33. Bb7 1-0

[Event "DEM U14w 2004"]
[Site "Willingen GER"]
[Date "2004.05.31"]
[Round "3"]
[White "Karmann, Anna"]
[Black "Jehle, Anja"]
[Result "1/2-1/2"]
[Termination "normal"]
[Board "5"]
[WhiteElo "1457"]
[BlackElo "1582"]
[PlyCount "85"]
[WhiteFideId "24648000"]
[BlackFideId "24631434"]
[EventCountry "GER"]
[EventRounds "9"]
[EventType "swiss"]
[EventDate "2004.05.29"]

1. c4 e5 2. Nc3 Nf6 3. g3 Bc5 4. Bg2 Nc6 5. e3 d5 6. cxd5 Nb4 7. d4 exd4 8.
exd4 Qe7+ 9. Nge2 Bxd4 10. O-O Bc5 11. a3 Na6 12. Re1 O-O 13. Bf4 Re8 14. Rc1
Bd6 15. Nb5 Bxf4 16. Nxf4 Qxe1+ 17. Qxe1 Rxe1+ 18. Rxe1 Bd7 19. Nc3 Re8 20.
Rxe8+ Nxe8 21. Kf1 Kf8 22. Ke2 Nd6 23. Kd3 Nc5+ 24. Kd4 Nb3+ 25. Kd3 Bf5+ 26.
Ke2 a6 27. h3 h6 28. g4 Bh7 29. Bf1 Nc4 30. Nd1 g5 31. Ng2 Nd4+ 32. Ke1 Nf3+
33. Ke2 Nfe5 34. Ke1 Nf3+ 35. Ke2 Ng1+ 36. Ke1 Ne5 37. f4 Nd3+ 38. Bxd3 Bxd3
39. fxg5 hxg5 40. Nf2 Nf3+ 41. Kd1 Bc4 42. Ne3 Bb3+ 43. Ke2 1/2-1/2

[Event "DEM U14w 2004"]
[Site "Willingen GER"]
[Date "2004.05.31"]
[Round "3"]
[White "Remy, Janina"]
[Black "Erben, Larissa"]
[Result "1-0"]
[Termination "normal"]
[Board "6"]
[WhiteElo "1504"]
[BlackElo "1651"]
[PlyCount "107"]
[WhiteFideId "24627348"]
[BlackFideId "24634590"]
[EventCountry "GER"]
[EventRounds "9"]
[EventType "swiss"]
[EventDate "2004.05.29"]

1. c4 c6 2. g3 Nf6 3. Bg2 d5 4. cxd5 cxd5 5. d4 Bf5 6. Nc3 e6 7. Bg5 h6 8. Bxf6
Qxf6 9. e3 Nc6 10. Nge2 Be7 11. O-O O-O 12. Nf4 Bd6 13. Nd3 Nb4 14. Nxb4 Bxb4
15. Qb3 Qe7 16. Rfc1 Rfc8 17. a3 Ba5 18. Bf1 Qd7 19. Qb5 Qxb5 20. Nxb5 Bc2 21.
b4 Bb6 22. Nd6 Rc7 23. Nxb7 Rac8 24. Nc5 Bxc5 25. dxc5 Ba4 26. Rab1 Rc6 27. Bd3
Kf8 28. Kf1 g6 29. Ke2 f5 30. Kd2 Ke7 31. b5 Rxc5 32. Rxc5 Rxc5 33. Rb4 Bxb5
34. Rxb5 Rxb5 35. Bxb5 Kd6 36. a4 g5 37. f3 e5 38. Kd3 Kc5 39. f4 d4 40. fxe5
dxe3 41. Kxe3 Kd5 42. e6 Kxe6 43. Kd4 Kd6 44. Bd3 Ke6 45. a5 h5 46. a6 h4 47.
gxh4 gxh4 48. h3 Kf6 49. Kd5 Kg5 50. Ke5 f4 51. Ke4 f3 52. Kxf3 Kh5 53. Kf4 Kh6
54. Kg4 1-0

[Event "DEM U14w 2004"]
[Site "Willingen GER"]
[Date "2004.05.31"]
[Round "3"]
[White "Hofmann, Christine"]
[Black "Dittrich, Jacqueline"]
[Result "1/2-1/2"]
[Termination "normal"]
[Board "7"]
[WhiteElo "1607"]
[BlackElo "1518"]
[PlyCount "83"]
[BlackFideId "24666270"]
[EventCountry "GER"]
[EventRounds "9"]
[EventType "swiss"]
[EventDate "2004.05.29"]

1. e4 Nf6 2. e5 Nd5 3. c4 Nb6 4. c5 Nd5 5. Bc4 e6 6. d4 b6 7. Bxd5 exd5 8. cxb6
axb6 9. Nc3 c6 10. Nge2 d6 11. f4 dxe5 12. fxe5 f6 13. Bf4 Be7 14. O-O O-O 15.
Qd3 fxe5 16. Bxe5 Bf6 17. Qg3 Nd7 18. Bc7 Qe8 19. Rae1 Ba6 20. Bd6 Rf7 21. Rf4
Nf8 22. Bxf8 Qxf8 23. h4 Bxe2 24. Rxe2 Be5 25. Rxf7 Bxg3 26. Rxf8+ Kxf8 27. h5
Kf7 28. Re3 Bh4 29. a3 Bf6 30. Ne2 Ra4 31. Rc3 Rxd4 32. Rxc6 Rd1+ 33. Kf2 Bxb2
34. Rxb6 Bxa3 35. Rb7+ Kf6 36. Rb6+ Kg5 37. Rb7 Kxh5 38. Rxg7 Kh6 39. Rd7 Bc5+
40. Kf3 d4 41. Ke4 Rd2 42. Nf4 1/2-1/2

[Event "DEM U14w 2004"]
[Site "Willingen GER"]
[Date "2004.05.31"]
[Round "3"]
[White "Vollak, Marleen"]
[Black "Benzen, Marthe"]
[Result "1/2-1/2"]
[Termination "normal"]
[Board "9"]
[WhiteElo "1569"]
[BlackElo "1477"]
[PlyCount "87"]
[WhiteFideId "24624233"]
[BlackFideId "24647764"]
[EventCountry "GER"]
[EventRounds "9"]
[EventType "swiss"]
[EventDate "2004.05.29"]

1. d4 d5 2. c4 c6 3. Nf3 Nf6 4. Nc3 e6 5. Bg5 Be7 6. e3 O-O 7. cxd5 cxd5 8. Bd3
Nc6 9. Rc1 a6 10. O-O Bd7 11. Qe2 b5 12. Rc2 Qb6 13. Rcc1 Rfc8 14. Ne5 Be8 15.
Qf3 Na5 16. Qh3 h6 17. Bh4 Nc4 18. b3 Nd2 19. Rfd1 Qa5 20. Rxd2 Rxc3 21. Rcd1
Rac8 22. Qf3 Rc1 23. Qe2 Ne4 24. Bxe4 Bxh4 25. Bd3 Qa3 26. g3 Be7 27. Rxc1
Rxc1+ 28. Kg2 Rc3 29. h4 f6 30. Nf3 Bh5 31. Rc2 Bxf3+ 32. Kxf3 Bb4 33. Kg2 Qa5
34. Rxc3 Bxc3 35. Qg4 Qb6 36. Qg6 Kf8 37. Qh7 f5 38. Qh8+ Kf7 39. Qc8 Bb4 40.
h5 Qd6 41. Qb7+ Kf6 42. a4 bxa4 43. bxa4 a5 44. Kf3 1/2-1/2

[Event "DEM U14w 2004"]
[Site "Willingen GER"]
[Date "2004.05.31"]
[Round "3"]
[White "Nekrassova, Ekatherina"]
[Black "Bäßler, Maike"]
[Result "1-0"]
[Termination "normal"]
[Board "10"]
[WhiteElo "1528"]
[BlackElo "884"]
[PlyCount "123"]
[EventCountry "GER"]
[EventRounds "9"]
[EventType "swiss"]
[EventDate "2004.05.29"]

1. e4 c5 2. Nf3 Nc6 3. d4 cxd4 4. Nxd4 Nf6 5. Nc3 d6 6. h3 e5 7. Ndb5 a6 8. Na3
Be7 9. Bd3 O-O 10. Nc4 b5 11. Ne3 Bb7 12. O-O Qb6 13. Nf5 Bd8 14. Nxd6 Ne7 15.
Nxb7 Qxb7 16. Bg5 Qc6 17. a3 h6 18. Be3 Bc7 19. Qf3 Rac8 20. Rad1 Rfd8 21. Be2
Rxd1 22. Rxd1 Qb7 23. Bd3 Rd8 24. Ne2 Nc6 25. Qf5 Nd4 26. Nxd4 exd4 27. Bxh6
Qc8 28. Qxc8 Rxc8 29. Bg5 Bd8 30. f4 Rb8 31. Kf2 a5 32. b3 a4 33. b4 Kf8 34. e5
Nh5 35. Bxd8 Rxd8 36. Kf3 Ke7 37. g4 Nxf4 38. Kxf4 Ke6 39. Bxb5 Rb8 40. Bc4+
Ke7 41. Rxd4 Rh8 42. Kg3 Rh6 43. Rd6 f6 44. exf6+ Kxd6 45. fxg7 Rg6 46. g8=Q
Rxg8 47. Bxg8 Ke5 48. c4 Kd6 49. h4 Ke7 50. c5 Kf8 51. c6 Kxg8 52. c7 Kf7 53.
c8=Q Ke7 54. Kf4 Kd6 55. Qc5+ Ke6 56. b5 Kd7 57. Qc6+ Ke7 58. b6 Kf7 59. b7 Kg7
60. b8=Q Kf7 61. Qbb7+ Kf8 62. Qcc8# 1-0

[Event "DEM U14w 2004"]
[Site "Willingen GER"]
[Date "2004.05.31"]
[Round "3"]
[White "Billing, Tanja"]
[Black "Hannes, Diana"]
[Result "1/2-1/2"]
[Termination "normal"]
[Board "11"]
[WhiteElo "1449"]
[BlackElo "1692"]
[PlyCount "84"]
[WhiteFideId "24647993"]
[BlackFideId "24611344"]
[EventCountry "GER"]
[EventRounds "9"]
[EventType "swiss"]
[EventDate "2004.05.29"]

1. c4 f5 2. d4 Nf6 3. g3 e6 4. Bg2 Be7 5. b3 d6 6. Bb2 O-O 7. Nd2 Qe8 8. Nh3
Nc6 9. Nf3 Nd8 10. O-O Nf7 11. Nhg5 Nxg5 12. Nxg5 Qh5 13. h4 Ng4 14. Nh3 f4 15.
Bf3 fxg3 16. fxg3 Qg6 17. Bxg4 Rxf1+ 18. Qxf1 Qxg4 19. Kh2 Bf6 20. Rd1 Qe4 21.
Qe1 Bd7 22. Nf2 Qg6 23. Qd2 Rf8 24. Rf1 Bc6 25. Qd3 Qh5 26. Nh3 Qg4 27. Rf4 Qh5
28. g4 Qe8 29. g5 Be7 30. Qe3 Bd7 31. Rxf8+ Qxf8 32. Nf4 Qf5 33. Qf3 Bc6 34.
Qe3 Kf7 35. d5 exd5 36. cxd5 Bxd5 37. Nxd5 Qxd5 38. Bxg7 Bxg5 39. hxg5 Kxg7 40.
Qxa7 Qxg5 41. Qxb7 Qh4+ 42. Kg2 Qg4+ 1/2-1/2

[Event "DEM U14w 2004"]
[Site "Willingen GER"]
[Date "2004.05.31"]
[Round "3"]
[White "van Orsouw, Svenja"]
[Black "Wolf, Carolin"]
[Result "0-1"]
[Termination "normal"]
[Board "12"]
[WhiteElo "1484"]
[BlackElo "1530"]
[PlyCount "52"]
[WhiteFideId "24677124"]
[BlackFideId "24628034"]
[EventCountry "GER"]
[EventRounds "9"]
[EventType "swiss"]
[EventDate "2004.05.29"]

1. e4 d5 2. exd5 Nf6 3. d4 Nxd5 4. c4 Nb6 5. Nf3 Bg4 6. Be2 N8d7 7. Nc3 e6 8.
O-O Be7 9. d5 exd5 10. Nxd5 Nxd5 11. cxd5 O-O 12. h3 Bh5 13. Nd4 Bxe2 14. Nxe2
Nb6 15. Nc3 Bb4 16. Qg4 Bxc3 17. bxc3 Qxd5 18. Qg3 Qc6 19. Bf4 Nd5 20. Rab1
Nxc3 21. Rb2 Nd5 22. Rc1 Qe6 23. Bxc7 Nxc7 24. Rxc7 Qe1+ 25. Kh2 b6 26. Qa3
Qe5+ 0-1

[Event "DEM U14w 2004"]
[Site "Willingen GER"]
[Date "2004.05.31"]
[Round "3"]
[White "Mai, Felicitas"]
[Black "Stellwagen, Katja"]
[Result "1/2-1/2"]
[Termination "normal"]
[Board "13"]
[WhiteElo "1209"]
[BlackElo "1433"]
[PlyCount "77"]
[WhiteFideId "4635345"]
[EventCountry "GER"]
[EventRounds "9"]
[EventType "swiss"]
[EventDate "2004.05.29"]

1. e4 c5 2. Nf3 Nc6 3. Bb5 g6 4. O-O Bg7 5. Re1 d6 6. d3 Nf6 7. Bg5 O-O 8. c3
Bd7 9. d4 cxd4 10. cxd4 a6 11. Bxc6 Bxc6 12. Nc3 Re8 13. Qd2 b5 14. e5 Bxf3 15.
exf6 exf6 16. Rxe8+ Qxe8 17. Bxf6 Bxf6 18. gxf3 Qe6 19. Qf4 Bg7 20. Kg2 Qf6 21.
Qe4 Qd8 22. Rc1 Bxd4 23. Rc2 Bxc3 24. Rxc3 d5 25. Qd4 Qd7 26. b3 Qe6 27. Re3
Qd6 28. Rc3 f6 29. a4 Rb8 30. axb5 Rxb5 31. Rc8+ Kg7 32. Qa7+ Kh6 33. Qe3+ Kh5
34. f4 Qd7 35. Rc7 Qg4+ 36. Kf1 Qd1+ 37. Kg2 Qg4+ 38. Kf1 Qd1+ 39. Kg2 1/2-1/2

[Event "DEM U14w 2004"]
[Site "Willingen GER"]
[Date "2004.05.31"]
[Round "3"]
[White "Kuhn, Alena"]
[Black "Ludwig, Lisa"]
[Result "1-0"]
[Termination "normal"]
[Board "14"]
[WhiteElo "1401"]
[BlackElo "1224"]
[PlyCount "103"]
[BlackFideId "24671444"]
[EventCountry "GER"]
[EventRounds "9"]
[EventType "swiss"]
[EventDate "2004.05.29"]

1. e4 g6 2. d4 Bg7 3. Nc3 d6 4. Nge2 Nf6 5. h3 O-O 6. g3 e5 7. Bg2 Nc6 8. Be3
Nh5 9. O-O Bd7 10. a4 Qe7 11. Qd2 Rfe8 12. Rad1 a5 13. b3 Bc8 14. Rfe1 b6 15.
g4 Nf6 16. f4 exd4 17. Nxd4 Nxd4 18. Bxd4 Nd7 19. Bxg7 Kxg7 20. e5 Ra7 21. exd6
Qd8 22. dxc7 Rxc7 23. Qd4+ Kg8 24. Qd3 Rxe1+ 25. Rxe1 Qf6 26. Nd5 Qh4 27. Re8+
Kg7 28. Nxc7 Nc5 29. Qd4+ Qf6 30. Qxf6+ Kxf6 31. Rxc8 h5 32. Nd5+ Kg7 33. Nxb6
hxg4 34. hxg4 Ne6 35. f5 gxf5 36. gxf5 Nd4 37. Rc5 Nxb3 38. cxb3 f6 39. Rxa5
Kh6 40. Nd7 Kg5 41. Nxf6 Kxf6 42. b4 Kg5 43. b5 Kf4 44. b6 Kg5 45. b7 Kf4 46.
b8=Q+ Ke3 47. Qe5+ Kd3 48. Rd5+ Kc4 49. Qe4+ Kc3 50. Rd3+ Kc2 51. Qe2+ Kc1 52.
Rd1# 1-0

[Event "DEM U14w 2004"]
[Site "Willingen GER"]
[Date "2004.06.01"]
[Round "4"]
[White "Jussupow, Ekaterina"]
[Black "Hoffmann, Lena"]
[Result "1-0"]
[Termination "normal"]
[Board "1"]
[WhiteElo "1722"]
[BlackElo "1589"]
[PlyCount "87"]
[WhiteFideId "24625400"]
[BlackFideId "24626597"]
[EventCountry "GER"]
[EventRounds "9"]
[EventType "swiss"]
[EventDate "2004.05.29"]

1. d4 d5 2. Nf3 e6 3. e3 Nf6 4. Bd3 c5 5. b3 Nc6 6. O-O Bd6 7. Bb2 O-O 8. Nbd2
Qc7 9. e4 cxd4 10. Nxd4 Bxh2+ 11. Kh1 Nxd4 12. Bxd4 Be5 13. Bxe5 Qxe5 14. exd5
exd5 15. Qf3 Ng4 16. Qg3 Qh5+ 17. Kg1 f5 18. Qd6 f4 19. Nf3 b6 20. Rae1 Bb7 21.
Re7 Rf7 22. Rfe1 Raf8 23. Rxf7 Qxf7 24. Re7 Qf6 25. Qxf6 Rxf6 26. Rxb7 Rf7 27.
Rb8+ Rf8 28. Rxf8+ Kxf8 29. Bf5 Nf6 30. Nd4 g5 31. Ne6+ Ke7 32. Nxg5 h6 33. Ne6
Ne4 34. Nxf4 Nc3 35. a4 Kf6 36. Bd3 Ke5 37. Ne2 Nxe2+ 38. Bxe2 d4 39. Kh2 Kf4
40. Kh3 Kf5 41. Kh4 Kf6 42. Kh5 Kg7 43. Bd3 Kf6 44. Kxh6 1-0

[Event "DEM U14w 2004"]
[Site "Willingen GER"]
[Date "2004.06.01"]
[Round "4"]
[White "Goergen, Barbara"]
[Black "Zikeli, Saskia"]
[Result "1/2-1/2"]
[Termination "normal"]
[Board "2"]
[WhiteElo "1666"]
[BlackElo "1884"]
[PlyCount "69"]
[BlackFideId "24601543"]
[EventCountry "GER"]
[EventRounds "9"]
[EventType "swiss"]
[EventDate "2004.05.29"]

1. e4 c5 2. c3 Nf6 3. e5 Nd5 4. d4 cxd4 5. cxd4 b6 6. Nc3 Nxc3 7. bxc3 e6 8.
Nf3 Qc7 9. Qb3 d6 10. Be2 Nd7 11. Bf4 Bb7 12. O-O Rc8 13. exd6 Bxd6 14. Bxd6
Qxd6 15. Rac1 Bd5 16. Qb2 O-O 17. Rfe1 Rfd8 18. Bd1 a6 19. Ne5 Nxe5 20. Rxe5 b5
21. Bb3 Bxb3 22. axb3 b4 23. c4 Qxd4 24. Qxd4 Rxd4 25. Ra5 Rd3 26. Rb1 Ra8 27.
g3 Kf8 28. c5 Ke7 29. Rba1 Rxb3 30. Rxa6 Rxa6 31. Rxa6 Rb1+ 32. Kg2 b3 33. Ra7+
Kf6 34. Rb7 Rc1 35. Rxb3 1/2-1/2

[Event "DEM U14w 2004"]
[Site "Willingen GER"]
[Date "2004.06.01"]
[Round "4"]
[White "Fuchs, Judith"]
[Black "Remy, Janina"]
[Result "1/2-1/2"]
[Termination "normal"]
[Board "3"]
[WhiteElo "1967"]
[BlackElo "1504"]
[PlyCount "76"]
[WhiteFideId "24605611"]
[BlackFideId "24627348"]
[EventCountry "GER"]
[EventRounds "9"]
[EventType "swiss"]
[EventDate "2004.05.29"]

1. e4 e6 2. d4 d5 3. Nc3 dxe4 4. Nxe4 Nd7 5. Nf3 Ngf6 6. Nxf6+ Nxf6 7. c3 c5 8.
Bg5 cxd4 9. Bxf6 Qxf6 10. Bb5+ Bd7 11. Bxd7+ Kxd7 12. Nxd4 Bd6 13. O-O Rhd8 14.
Qb3 Ke8 15. Qxb7 Kf8 16. Qf3 Qxf3 17. Nxf3 Bf4 18. g3 Bc7 19. Rfd1 Ke7 20. Nd4
Rd7 21. Rd2 Bb6 22. Rad1 Bxd4 23. Rxd4 Rb7 24. b3 Re8 25. Re1 a5 26. Kf1 Rc7
27. c4 Rb8 28. Rb1 Rc5 29. a3 Rbc8 30. Rc1 e5 31. Rh4 h6 32. b4 axb4 33. axb4
Rb5 34. c5 Rcb8 35. c6 Rc8 36. Rhc4 Rb6 37. Ke2 Kd6 38. Rd1+ Ke6 1/2-1/2

[Event "DEM U14w 2004"]
[Site "Willingen GER"]
[Date "2004.06.01"]
[Round "4"]
[White "Mader, Manuela"]
[Black "Karmann, Anna"]
[Result "1/2-1/2"]
[Termination "normal"]
[Board "4"]
[WhiteElo "1829"]
[BlackElo "1457"]
[PlyCount "48"]
[WhiteFideId "24612928"]
[BlackFideId "24648000"]
[EventCountry "GER"]
[EventRounds "9"]
[EventType "swiss"]
[EventDate "2004.05.29"]

1. Nf3 d5 2. d4 Nf6 3. e3 e6 4. Bd3 c5 5. c3 Nc6 6. O-O Be7 7. Nbd2 O-O 8. dxc5
Bxc5 9. e4 Qc7 10. exd5 exd5 11. Nb3 Be7 12. h3 h6 13. Nbd4 a6 14. Be3 Re8 15.
Qd2 Bf8 16. Bf4 Qb6 17. Rfe1 Bd7 18. Nf5 Bxf5 19. Bxf5 Rad8 20. Rad1 Rxe1+ 21.
Rxe1 d4 22. Nxd4 Nxd4 23. cxd4 Bb4 24. Bc7 Qxd4 1/2-1/2

[Event "DEM U14w 2004"]
[Site "Willingen GER"]
[Date "2004.06.01"]
[Round "4"]
[White "Jehle, Anja"]
[Black "Nekrassova, Ekatherina"]
[Result "1-0"]
[Termination "normal"]
[Board "5"]
[WhiteElo "1582"]
[BlackElo "1528"]
[PlyCount "107"]
[WhiteFideId "24631434"]
[EventCountry "GER"]
[EventRounds "9"]
[EventType "swiss"]
[EventDate "2004.05.29"]

1. d4 Nf6 2. c4 g6 3. Nc3 Bg7 4. e4 d6 5. Nf3 O-O 6. Be2 e5 7. d5 Nbd7 8. O-O
Ne8 9. a3 f5 10. b4 f4 11. Nd2 Qf6 12. Nb3 g5 13. Bd2 Qg6 14. Bh5 Qh6 15. Bxe8
Rxe8 16. Nb5 Re7 17. Nxc7 Rb8 18. Nb5 a6 19. Nc3 Nf6 20. f3 Qg6 21. Kf2 g4 22.
Ke1 h5 23. Qe2 h4 24. Kd1 Bf8 25. Kc2 Rc7 26. Kb2 Bd7 27. a4 Rbc8 28. b5 Rxc4
29. Na5 R4c7 30. b6 Rc5 31. Nxb7 Rc4 32. Kb3 Qe8 33. Rfc1 Be7 34. Na5 R4c5 35.
b7 Rb8 36. Qxa6 Bc8 37. Ka3 Bd7 38. Rab1 h3 39. gxh3 gxf3 40. Be1 Nh7 41. Bf2
Rc7 42. Ba7 Rbxb7 43. Rxb7 Rxb7 44. Qxb7 Bxh3 45. Bf2 Bg2 46. Nd1 Kg7 47. Rc7
Kf6 48. Bh4+ Ng5 49. Rxe7 Qh8 50. Bxg5+ Kxg5 51. Nf2 Qxh2 52. Rg7+ Kh4 53. Qe7+
Kh5 54. Qg5# 1-0

[Event "DEM U14w 2004"]
[Site "Willingen GER"]
[Date "2004.06.01"]
[Round "4"]
[White "Benzen, Marthe"]
[Black "Hofmann, Christine"]
[Result "0-1"]
[Termination "normal"]
[Board "6"]
[WhiteElo "1477"]
[BlackElo "1607"]
[PlyCount "50"]
[WhiteFideId "24647764"]
[EventCountry "GER"]
[EventRounds "9"]
[EventType "swiss"]
[EventDate "2004.05.29"]

1. e4 e6 2. d4 d5 3. Nd2 dxe4 4. Nxe4 Nf6 5. Bg5 Be7 6. Nxf6+ Bxf6 7. Bxf6 Qxf6
8. Nf3 O-O 9. Bd3 Nc6 10. O-O Rd8 11. c3 e5 12. Qc2 h6 13. dxe5 Nxe5 14. Nxe5
Qxe5 15. Rfe1 Qg5 16. Re3 Be6 17. Rg3 Qe5 18. Kf1 Rd7 19. Re1 Qc5 20. Qc1 Kh8
21. a3 Rad8 22. Bc2 Rd2 23. Re2 Bc4 24. Bd3 R2xd3 25. Rxd3 Bxd3 0-1

[Event "DEM U14w 2004"]
[Site "Willingen GER"]
[Date "2004.06.01"]
[Round "4"]
[White "Zier, Verena"]
[Black "Gahn, Cornelia"]
[Result "1-0"]
[Termination "normal"]
[Board "7"]
[WhiteElo "1605"]
[BlackElo "1457"]
[PlyCount "81"]
[WhiteFideId "24620602"]
[EventCountry "GER"]
[EventRounds "9"]
[EventType "swiss"]
[EventDate "2004.05.29"]

1. d4 d5 2. c4 e6 3. Nc3 Nf6 4. cxd5 exd5 5. Bg5 Be7 6. e3 O-O 7. Qc2 Nbd7 8.
Bd3 b6 9. Nge2 Bb7 10. O-O c5 11. Qd2 Ne4 12. Nxe4 dxe4 13. Bxe7 Qxe7 14. Bc4
Rad8 15. Qc2 Nf6 16. Rac1 a6 17. dxc5 Qxc5 18. Qb3 Bd5 19. Bxd5 Qxd5 20. Qxd5
Rxd5 21. Rfd1 h6 22. Rxd5 Nxd5 23. a3 f5 24. Rd1 Nc7 25. h3 b5 26. Rc1 Rf7 27.
Nd4 g6 28. Rc6 Kh7 29. Nb3 Kg7 30. Nc5 a5 31. Rxc7 Rxc7 32. Ne6+ Kf6 33. Nxc7
Ke5 34. Nxb5 Kd5 35. b3 Kc5 36. Nd4 h5 37. h4 Kd5 38. g3 Kc5 39. Ne6+ Kb5 40.
Nf4 a4 41. b4 1-0

[Event "DEM U14w 2004"]
[Site "Willingen GER"]
[Date "2004.06.01"]
[Round "4"]
[White "Dittrich, Jacqueline"]
[Black "Vollak, Marleen"]
[Result "0-1"]
[Termination "normal"]
[Board "8"]
[WhiteElo "1518"]
[BlackElo "1569"]
[PlyCount "172"]
[WhiteFideId "24666270"]
[BlackFideId "24624233"]
[EventCountry "GER"]
[EventRounds "9"]
[EventType "swiss"]
[EventDate "2004.05.29"]

1. Nc3 c5 2. Nf3 e6 3. e4 a6 4. g3 g6 5. Bg2 Bg7 6. d3 Nc6 7. O-O Nge7 8. Be3
d6 9. Qd2 O-O 10. Bh6 Rb8 11. Bxg7 Kxg7 12. a4 Bd7 13. d4 cxd4 14. Nxd4 Qc7 15.
Rfd1 Rfd8 16. Kf1 Na5 17. b3 Rbc8 18. Nde2 Be8 19. Rac1 b6 20. Qd3 Qa7 21. Nf4
Nb7 22. Qf3 Nc5 23. Bh3 Bc6 24. Nd3 d5 25. Ne5 Be8 26. exd5 Qb7 27. dxe6 Qxf3
28. Nxf3 Rxd1+ 29. Nxd1 fxe6 30. Nd4 Kf6 31. Ne3 Bf7 32. Nc4 Nxa4 33. f4 Rd8
34. Nf3 b5 35. Nce5 Nc5 36. Nxf7 Kxf7 37. Ng5+ Kg7 38. Nxe6+ Nxe6 39. Bxe6 Rd2
40. Kg1 a5 41. c4 Kf6 42. Bg4 bxc4 43. bxc4 Nc6 44. c5 a4 45. Ra1 Rc2 46. Rxa4
Rxc5 47. Ra6 Kg7 48. Ra2 Kh6 49. Bf3 Nd4 50. Kg2 Rc3 51. Be2 Rb3 52. Rd2 Rb4
53. h3 Ra4 54. h4 Rb4 55. Bd1 Nf5 56. Kh3 Ne3 57. Rd3 Nxd1 58. Rxd1 Ra4 59. Rd7
Rb4 60. Kg4 Ra4 61. Rd6 Ra5 62. Re6 Ra4 63. h5 Ra5 64. hxg6 hxg6 65. Re5 Ra4
66. Re1 Rb4 67. Rf1 Kg7 68. Kg5 Ra4 69. f5 gxf5 70. Rxf5 Ra1 71. g4 Ra2 72. Rd5
Rg2 73. Rd7+ Kg8 74. Kh5 Rg1 75. g5 Kf8 76. Kg6 Rg2 77. Rd8+ Ke7 78. Rg8 Rg1
79. Rb8 Rg2 80. Rb5 Kf8 81. Rb4 Rg1 82. Rh4 Kg8 83. Rc4 Kf8 84. Kh5 Kg7 85.
Rc7+ Kg8 86. Kg6 86... Kf8 {Nach Zeitnotphase 0-1.} 0-1